Nuevas leyes científicas en la aplicación de los abonos / (Record no. 141519)

MARC details
000 -LEADER
campo de control de longitud fija 00655nam a2200193 i 4500
001 - NÚMERO DE CONTROL
campo de control 141519
003 - IDENTIFICADOR DE NÚMERO DE CONTROL
campo de control ES-MaACL
005 - FECHA Y HORA DE LA ÚLTIMA TRANSACCIÓN
campo de control 20230906200318.0
007 - CAMPO FIJO DE DESCRIPCIÓN FÍSICA--INFORMACIÓN GENERAL
campo de control de longitud fija t|
008 - DATOS DE LONGITUD FIJA--INFORMACIÓN GENERAL
campo de control de longitud fija 070925s1966 sp ||||1| spa d
100 1# - ENTRADA PRINCIPAL--NOMBRE DE PERSONA
Nombre de persona Voisin, André.
9 (RLIN) 115680
245 10 - MENCIÓN DEL TÍTULO
Título Nuevas leyes científicas en la aplicación de los abonos /
Mención de responsabilidad, etc. André Voisin ; presentación por Carlos Luis de Cuencia ; traducción de Justo Nombela.
260 ## - PUBLICACIÓN, DISTRIBUCIÓN, ETC.
Lugar de publicación, distribución, etc. Madrid :
Nombre del editor, distribuidor, etc. Tecnos,
Fecha de publicación, distribución, etc. 1966.
300 ## - DESCRIPCIÓN FÍSICA
Extensión 150 p. :
Otras características físicas il. ;
Dimensiones 22 cm.
650 #4 - PUNTO DE ACCESO ADICIONAL DE MATERIA--TÉRMINO DE MATERIA
Término de materia o nombre geográfico como elemento de entrada Fertilizantes.
9 (RLIN) 136105
700 1# - ENTRADA AGREGADA--NOMBRE PERSONAL
Nombre de persona Cuenca, Carlos Luis de.
9 (RLIN) 41995
700 1# - ENTRADA AGREGADA--NOMBRE PERSONAL
Nombre de persona Nombela, Justo.
9 (RLIN) 85931
852 ## - LOCALIZACIÓN
Ubicación ES-MaACL
Número de control de estantería C-29609
Sublocalización o colección R.60057
Holdings
Estatus retirado Estado de pérdida Estado de daño No para préstamo Biblioteca de origen Biblioteca actual Ubicación en estantería Fecha de adquisición Fuente de adquisición Total de préstamos Signatura topográfica completa Código de barras Visto por última vez Precio de reemplazo Tipo de ítem Koha
        Biblioteca del Ateneo de Madrid Biblioteca del Ateneo de Madrid Depósito 2 17/01/2008     C-29609 1147255 23/02/2023 23/02/2023 Libro impreso